Carbon budjects for climate change mitigation a GAMS- based emissions model (Record no. 55140)
[ view plain ]
| 000 -LEADER | |
|---|---|
| fixed length control field | 01216nam a2200217Ia 4500 |
| 100 ## - MAIN ENTRY--AUTHOR NAME | |
| Personal name | Kanitkar tejal |
| 245 #0 - TITLE STATEMENT | |
| Title | Carbon budjects for climate change mitigation a GAMS- based emissions model |
| 260 ## - PUBLICATION, DISTRIBUTION, ETC. (IMPRINT) | |
| Name of publisher | Current Science |
| Year of publication | 2013 |
| 300 ## - PHYSICAL DESCRIPTION | |
| Number of Pages | 1200-1206 |
| 520 ## - SUMMARY, ETC. | |
| Summary, etc | In this article we have studied a scheme of partitioning the global carbon budget using an equity principle. In contrast to earlier approches, this article carefully distinguishes between the two quantities-entitlements to carbon space andphysically available carbon space. positive feature of the carbon budgets approach to allocation of mitigation burdens discussed here is that a single framework for mitigation cab be applied to all countries. the method offers a concrete operationalization of the principle of achieving the climate goals on the basis of equity and common but differentiated responsibilities and respective capabilities. |
| 650 ## - SUBJECT ADDED ENTRY--TOPICAL TERM | |
| Topical Term | Carbon budjects |
| 650 ## - SUBJECT ADDED ENTRY--TOPICAL TERM | |
| Topical Term | Climate change |
| 650 ## - SUBJECT ADDED ENTRY--TOPICAL TERM | |
| Topical Term | Emissions modelling |
| 650 ## - SUBJECT ADDED ENTRY--TOPICAL TERM | |
| Topical Term | Equity |
| 650 ## - SUBJECT ADDED ENTRY--TOPICAL TERM | |
| Topical Term | Mitigation |
| 700 ## - ADDED ENTRY--PERSONAL NAME | |
| Personal name | |
| 700 ## - ADDED ENTRY--PERSONAL NAME | |
| Personal name | Jayaraman T |
| 700 ## - ADDED ENTRY--PERSONAL NAME | |
| Personal name | Purkayastha Prabir |
| 942 ## - ADDED ENTRY ELEMENTS (KOHA) | |
| Koha item type | Journals |
| 700 ## - ADDED ENTRY--PERSONAL NAME | |
| -- | ouza DMario |
| Withdrawn status | Lost status | Damaged status | Not for loan | Home library | Current library | Shelving location | Date acquired | Serial Enumeration / chronology | Koha item type |
|---|---|---|---|---|---|---|---|---|---|
| Journals | RRII Library | RRII Library | Climate change | 19/08/2013 | Volume 104, Issue 9 | Journals |